| 000 | 02126nam a22001577a 4500 | ||
|---|---|---|---|
| 041 | _aukr | ||
| 080 | _a09 | ||
| 090 | _bСОР | ||
| 100 | _aСорока, Т. С. | ||
| 245 | _aНевербальні засоби спілкування у міжкультурній комунікації | ||
| 260 |
_aОстрог _bКАФ _c2013 |
||
| 300 | _a53 | ||
| 520 |
_aВступ.
Розділ І. Міжкультурна комунікація.
1.1. Поняття "міжкультурної комунікації"
1.2. Види спілкування в процесі міжкультурної комунікації
Розділ ІІ. Невербальні елементи спілкування та їх використання в процесі міжкультурної комунікації.
2.1. Кінетика. Сукупність жестів, поз, рухів тіла
2.2. Тактильна поведінка. Рукостискання, поцілунки та інші дотики до тіла співрозмовника по комунікації
2.3. Сенсорика. Сукупність чуттєвих сприймань
2.4. Проксеміка. Спроби використання простору в процесі комуникації
2.5. Хронеміка. Спроба використання часу в процесі комунікації
Розділ ІІІ. Проблеми та роль невербальної поведінки в міжкультурній комунікації.
3.1. Проблеми міжкультурного невербального спілкування
3.2. Роль невербального спілкування у процесі міжкультурної комунікації
Розділ IV. Охорона праці. Атестація робочих місць за умовами праці.
Висновки.
Список використаної літератури. _0міжкультурна комунікація, невербальне спілкування |
||
| 650 | _aResearch Papers | ||
| 999 |
_c285323 _d285323 |
||
| 942 | _cBK | ||